| 000 | 02184nam0a2200361 4500 | ||
|---|---|---|---|
| 001 | RU\NLR\BIBL_A\022011393 | ||
| 005 | 20231205153401.0 | ||
| 010 |
_a978-5-907677-17-3 _9100 |
||
| 021 |
_aRU _bКН-П-23-045753 _9КН-П-23-4579 |
||
| 035 | _a(NLR Aleph) 022011393 | ||
| 090 |
_a12484670 _c12484670 |
||
| 100 | _a20230824d2023 u y0rusy50 ca | ||
| 101 | 0 | _arus | |
| 102 | _aRU | ||
| 105 | _aa j 000zy | ||
| 181 | 0 |
_ai _baxxe |
|
| 182 | 0 | _an | |
| 200 | 1 |
_aЭлективные дисциплины по физической культуре и спорту. Настольный теннис _eучебно-методическое пособие _fГ. Н. Барашин _gМинистерство науки и высшего образованияч Российской Федерации, Филиал федерального государственного бюджетного образовательного учреждения высшего образования "Мурманский арктический государственный университет" в г. Апатиты |
|
| 203 |
_aТекст _bвизуальный _cнепосредственный |
||
| 210 |
_aИжевск _cШелест _d2023 |
||
| 215 |
_a175, [1] с. _cил., табл. _d20 |
||
| 300 | _aНа обороте тит. с. авт.: Г. Н. Барашин - ст. преп. | ||
| 320 | _aБиблиогр. в конце кн. | ||
| 517 | 1 | _aНастольный теннис | |
| 606 | 1 |
_aНастольный теннис _jУчебно-методические пособия для высших учебных заведений _xОбучение _xВысшая школа _92607386 _3RU\NLR\AUTH\661543944 |
|
| 606 | 1 |
_aНастольный теннис _jУчебно-методические пособия для высших учебных заведений _91743174 _3RU\NLR\AUTH\66780231 |
|
| 686 | 1 | _aЧ515.74я73 | |
| 686 | 1 | _aЧ486.73-1теннис.я73 | |
| 700 | 1 |
_aБарашин _bГ. Н. _gГеннадий Николаевич |
|
| 942 | _cBOOK | ||
| 980 | _aNB | ||